000 00616nam a22001937a 4500
003 OSt
005 20251118113319.0
008 251118b |||||||| |||| 00| 0 eng d
020 _a971-685-653-9
040 _aDWC-Main lib
_cOC
082 _aFil. 310 A516 2005
100 _aAmid, D.
245 _aFundamentals of statistics
_cAmid, Diego M.
260 _aQuezon City :
_bLorimar Publishing Co., Inc.,
_cc2005
300 _a221 pages :
_c25 cm.
504 _aIncludes bibliographical references
650 _2Statistics
942 _2ddc
_cBK - FIL
_hFil. 310 A516 2005
_kFil.
_n0
999 _c5780
_d5780